| 000 | 00324nam a2200121Ia 4500 | ||
|---|---|---|---|
| 008 | 230107s9999||||xx |||||||||||||| ||und|| | ||
| 040 | _cChuka University Library | ||
| 050 |
_aPL 8703.5 _bM33 1991 |
||
| 100 | _aMBAABU,IRERI | ||
| 245 | 0 | _aHISTORIA YA USANIFISHAJI WA KISWAHILI | |
| 260 |
_aLONGMAN _bNAIROBI _c1991 |
||
| 942 | _cBK | ||
| 999 |
_c8905 _d8905 |
||